000 00380nam a2200157Ia 4500
005 20250528035938.0
008 240331s9999 xx 000 0 und d
020 _a13916886
082 _bSAN
_a303
245 0 _aSanskruthi
260 _aBoralesgamuwa
_bCultural Expression
_c2009
300 _a135 p .,
650 _aCultural Commentary
700 _aSankruti.
_eedt
942 _cL
999 _c5164
_d5164